Miasta Polskie na Literę A - Statystyki

Ogólne statystyki
  • Ten quiz został rozwiązany 212 razy
  • Średni wynik to 4 z 6
Statystyki odpowiedzi
Województwo Miasto % Poprawnych
Podlaskie Augustów
88%
Małopolskie Andrychów
63%
Łódzkie Aleksandrów Łódzki
62%
Kujawsko-Pomorskie Aleksandrów Kujawski
60%
Lubelskie Annopol
41%
Małopolskie Alwernia
38%
Nie znaleziono quizów pasujących do podanych kryteriów
Rozkład punktacji
Procent ludzi z każdym wynikiem
Percentyl według liczby udzielonych odpowiedzi
Twoja historia wyników
Nie rozwiązałeś tego quizu